FC Dallas Best Scorer By Year - Statistics

General Stats
  • This quiz has been taken 22 times
    10 since last reset
  • The average score is 8 of 16
Answer Stats
Player % Correct
Carlos Ruíz
70%
Petar Musa
70%
Blas Pérez
60%
Jesus Ferreira
60%
Ricardo Pepi
60%
Ariel Graziani
50%
Eddie Johnson
50%
Jason Kreis
50%
Kenny Cooper
50%
Brek Shea
40%
Fabián Castillo
40%
Jeff Cunningham
40%
Maximiliano Urruti
40%
Roland Lamah
40%
Dante Washington
30%
Franco Jara
30%
No matching quizzes found
Score Distribution
Percent of People with Each Score
Percentile by Number Answered
Your Score History
You have not taken this quiz since the last reset